| 000 | 00631 a2200193 4500 | ||
|---|---|---|---|
| 999 |
_c183163 _d183163 |
||
| 005 | 20211217155109.0 | ||
| 010 | _aENG-130400 | ||
| 020 |
_a978-93-86720-37-5 _c999.00 |
||
| 035 | _aEN-113932 | ||
| 037 | _bDBAD/PUB | ||
| 082 |
_a000 _b1 |
||
| 245 |
_aGuide For SSC CGL Tier-2 Examination: _cEdited by Manoj Sharma |
||
| 250 | _a2019 | ||
| 260 |
_aGhaziabad, UP _bRathore Publisher & Distributors _c2019 |
||
| 270 |
_aBasement, 260, Shaktikhand-III, Indirapuram, _bGhaziabad _e201010 _mrathorepublisher@gmail.com |
||
| 300 |
_a129p. _c24cm (pbk) |
||
| 700 | _aSharma, Manoj | ||
| 942 |
_adpl _cEN _2ddc _h000 _mSSC |
||